| 000 | 01108cab a22002055a 4500 | ||
|---|---|---|---|
| 001 | L140013 | ||
| 008 | 070829e20070817xxk f 000 0 eng d | ||
| 035 | _a(Sirsi) u140013 | ||
| 041 | 0 | _aeng | |
| 100 | 1 | _aMartin, John | |
| 245 | 0 | 2 | _aA code that lacks strength |
| 260 | _c2007 | ||
| 490 | 0 |
_aSolicitors' Journal _v151(32) 17 August 2007, 1080-1081(2) |
|
| 520 | _aDiscusses the limitations of the landlord code in "The code for leasing business premises in England and Wales 2007" (L137317). Notes that landlords who are members of the Commercial Landlords Accreditation Scheme will be able to opt out of specific requirements of the landlord code. Outlines some of the requirements that landlords may seek to avoid and concludes that a particular concern will be the impact on an investment sale to a purchaser who does not subscribe in full to the landlord code. | ||
| 590 | _aKA | ||
| 650 | 2 | 4 | _aCODE FOR LEASING BUSINESS PREMISES IN ENGLAND AND WALES |
| 651 | 4 |
_aEngland and Wales _y1543- |
|
| 690 | _aPROPERTY-COMMERCIAL PROPERTY-COMMERCIAL LANDLORD AND TENANT-COMMERCIAL LEASES | ||
| 942 | _n0 | ||
| 999 |
_c79159 _d79159 |
||